Statistiques concernant Les départements français traversés par le Rhône

Cliquez ici pour prendre le quiz!

Statistiques générales

  • Ce quiz a été pris 77 fois
  • Le résultat moyen est 10 sur 11

Statistiques - réponses

RégionDépartement% Correct
Provence-Alpes-Côte d'AzurBouches du Rhône
100%
Auvergne-Rhône-AlpesRhône
99%
Auvergne-Rhône-AlpesIsère
99%
Provence-Alpes-Côte d'AzurVaucluse
96%
Auvergne-Rhône-AlpesHaute Savoie
94%
Auvergne-Rhône-AlpesSavoie
94%
OccitanieGard
93%
Auvergne-Rhône-AlpesDrôme
91%
Auvergne-Rhône-AlpesArdèche
88%
Auvergne-Rhône-AlpesAin
87%
Auvergne-Rhône-AlpesLoire
87%

Distribution des résultats

Percentile par nombre de réponses

% des personnes avec chaque résultat

Votre développement - résultats

Vous n’avez pas pris ce quiz